Economic growth models, 2V (Record no. 18102)

MARC details
000 -LEADER
fixed length control field 00445nam a2200169Ia 4500
008 - FIXED-LENGTH DATA ELEMENTS--GENERAL INFORMATION
fixed length control field 230917s9999||||xx |||||||||||||| ||und||
020 ## - ISBN
Price RS2500
040 ## - CATALOGING SOURCE
-- 231757
Original cataloging agency VIVEKANANDA LIBRARY
041 ## - Language
-- English
082 ## - DDC NUMBER
Classification number 338.9 S59E
100 ## - MAIN ENTRY--PERSONAL NAME
Personal name Shetty, G L
245 #0 - TITLE STATEMENT
Title Economic growth models, 2V
260 ## - PUBLICATION, DISTRIBUTION, ETC. (IMPRINT)
Place of publication, distribution, etc Jaipur
Name of publisher, distributor, etc Shree Niwas Publications
Date of publication, distribution, etc 2016
300 ## - PHYSICAL DESCRIPTION
Pages 392 p.
500 ## - GENERAL NOTE
General note 2279 05/02/2016 UBC15/7433 08/02/2016 Main Budget
942 ## - ADDED ENTRY ELEMENTS (KOHA)
Koha item type Books
Holdings
Withdrawn status Lost status Damaged status Not for loan Location (home branch) Sublocation or collection (holding branch) Date acquired Koha issues (times borrowed) Koha full call number Accession No. Koha date last seen Koha item type
        VIVEKANANDA LIBRARY VIVEKANANDA LIBRARY 30/03/2016   338.9 S59E 356752 17/09/2023 Books
        VIVEKANANDA LIBRARY VIVEKANANDA LIBRARY 30/03/2016   338.9 S59E 356753 17/09/2023 Books
© Designed and Maintained by Vivekananda Library, MDU Rohtak